00508nam a2200193 a 450000100060000000300090000600800410001502000150005604000280007108200090009910000190010824500460012726000300017330000110020349000190021465000230023365000230025665000350027917888CO-ViMGA141112s2004 ck r 000 u spa d a9580442193 aCO-ViMGAbspacCO-ViMGA04aPRIp1 aPrieto, Iliana10aLa Princesa del retrato y el dragón Rey aBogotá, cNorma, c1998 a205.p. aTorre de papel14aCUENTOS INFANTILES14aDRAGONES - CUENTOS14aPRINCIPES - CUENTOS INFANTILES